Oceanian Airports By Code - Statistics

General Stats
  • This quiz has been taken 18 times
    7 since last reset
  • The average score is 14 of 40
Answer Stats
Code City Country % Correct
AKL Auckland New Zealand
100%
MEL Melbourne Australia
100%
PER Perth Australia
100%
SYD Sydney Australia
100%
WLG Wellington New Zealand
100%
BNE Brisbane Australia
86%
SUV Nausori / Suva Fiji
86%
POM Port Moresby Papua New Guinea
86%
APW Apia Samoa
71%
CHC Christchurch New Zealand
71%
OOL Gold Coast Australia
71%
HNL Honolulu United States
57%
VLI Port Vila Vanuatu
57%
FUN Funafuti Tuvalu
43%
TRW Tarawa Kiribati
43%
DUD Dunedin New Zealand
29%
HIR Honiara Solomon Islands
29%
PPG Pago Pago United States (American Samoa)
29%
WGA Wagga Wagga Australia
29%
YAP Colonia F.S. Micronesia
14%
DBO Dubbo Australia
14%
HLZ Hamilton New Zealand
14%
LIF Lifou France (New Caledonia)
14%
LHG Lightning Ridge Australia
14%
ZQN Queenstown New Zealand
14%
WWK Wewak Papua New Guinea
14%
ROR Airai Palau
0%
AAU Asau Samoa
0%
DAU Daru Papua New Guinea
0%
EBN Ebadon Marshall Islands
0%
HPA Lifuka Tonga
0%
SPN Obyan United States (Northern Mariana Islands)
0%
OEC Pante Macassar East Timor
0%
RTA Rotuma Fiji
0%
MXS Salelologa Samoa
0%
TUO Taupō New Zealand
0%
RNL Tingoa Solomon Islands
0%
WLS Wallis France (Wallis and Futuna)
0%
YLG Yalgoo Australia
0%
UAM Yigo United States (Guam)
0%
No matching quizzes found
Score Distribution
Percent of People with Each Score
Percentile by Number Answered
Your Score History
You have not taken this quiz since the last reset